000 00500nam a22001697a 4500
005 20240705075440.0
008 240705b |||||||| |||| 00| 0 eng d
022 _a10163107
041 _aEnglish/Afrikaans
082 _a349 SOU
100 _lEnglish/Afrikaans
245 _aThe South African Criminal Law Reports
260 _aCape Town:
_bJuta and Company Ltd,
_c2005
300 _bxx, 110 pages;
_c23 cm.
650 _aLegal practice
_bLaw
942 _cBK
_6ALISON_BN_VRIES
999 _c2104
_d2104